[Event "Bremen-ch"]
[Site "Bremen"]
[Date "2019.04.16"]
[Round "5.30"]
[White "Toppke, Olaf"]
[Black "Wolf, Mattis"]
[Result "1/2-1/2"]
[WhiteElo "1389"]
[BlackElo "1210"]
[PlyCount "92"]
[EventDate "2019.04.13"]
[EventType "swiss"]
[EventRounds "9"]
[EventCountry "GER"]
[SourceTitle "EXT 2020"]
[Source "ChessBase"]
[SourceDate "2019.10.17"]
[SourceVersion "1"]
[SourceVersionDate "2019.10.17"]
[SourceQuality "1"]

1. d4 d5 2. Bf4 Nf6 3. e3 Bf5 4. Nf3 a6 5. Bd3 Bg4 6. h3 Bh5 7. Nbd2 Nc6 8. a3 e6 9. c4 Bd6 10. Bxd6 Qxd6 11. c5 Qe7 12. Qc2 e5 13. dxe5 Nxe5 14. Nxe5 Qxe5 15. 0-0 Bg6 16. Bxg6 hxg6 17. Nf3 Qe6 18. Qa4+ c6 19. Qf4 0-0-0 20. Ng5 Qd7 21. Rfd1 Rde8 22. Rd3 Rh5 23. Rad1 Qe7 24. b4 Rhh8 25. Rd4 Rhf8 26. Qf3 Nd7 27. Qg3 Rd8 28. e4 f6 29. Nh7 Rh8 30. Qxg6 Ne5 31. Qf5+ Qd7 32. Qxd7+ Rxd7 33. Nxf6 gxf6 34. exd5 Rg7 35. Rf4 Rxh3 36. g3 Rgh7 37. Kf1 Re7 38. Kg2 Rh6 39. d6 Re8 40. Rh1 Reh8 41. Rxh6 Rxh6 42. Rh4 Rg6 43. Rh8+ Kd7 44. Rh7+ Kc8 45. Rc7+ Kb8 46. Re7 Kc8 1/2-1/2

[Event "Bremen-ch"]
[Site "Bremen"]
[Date "2019.04.14"]
[Round "2.17"]
[White "Rademacher, Uwe"]
[Black "Toppke, Olaf"]
[Result "1-0"]
[WhiteElo "1527"]
[BlackElo "1389"]
[PlyCount "97"]
[EventDate "2019.04.13"]
[EventType "swiss"]
[EventRounds "9"]
[EventCountry "GER"]
[SourceTitle "EXT 2020"]
[Source "ChessBase"]
[SourceDate "2019.10.17"]
[SourceVersion "1"]
[SourceVersionDate "2019.10.17"]
[SourceQuality "1"]

1. e4 e6 2. d4 d5 3. exd5 exd5 4. Nf3 Nf6 5. Bd3 Nc6 6. 0-0 Be7 7. Nc3 0-0 8. h3 h6 9. a3 a6 10. Re1 Re8 11. Ne2 Bd6 12. Bf4 Bxf4 13. Nxf4 Rxe1+ 14. Qxe1 Qd6 15. Nh5 Bd7 16. Ng3 Re8 17. Qd2 Ne4 18. Bxe4 dxe4 19. Nh4 Qxd4 20. Qxd4 Nxd4 21. Rd1 g5 22. Rxd4 gxh4 23. Nxe4 Kg7 24. Rxd7 Rxe4 25. Rxc7 b5 26. Rc6 Re1+ 27. Kh2 Re2 28. f3 Re6 29. Rc5 Kg6 30. c4 Rb6 31. cxb5 Rxb5 32. Rxb5 axb5 33. b3 Kf6 34. g3 Ke6 35. a4 b4 36. gxh4 Kd5 37. Kg3 Kd4 38. Kg4 Kc3 39. a5 Kxb3 40. a6 Kc3 41. a7 b3 42. a8Q b2 43. Qb7 Kc2 44. Kh5 b1Q 45. Qxb1+ Kxb1 46. Kxh6 Kc2 47. Kg7 Kd3 48. Kxf7 Ke3 49. h5 1-0